<?xml version="1.0" encoding="UTF-8"?><?xml-stylesheet type="text/xsl" href="static/style.xsl"?><OAI-PMH xmlns="http://www.openarchives.org/OAI/2.0/" xmlns:xsi="http://www.w3.org/2001/XMLSchema-instance" xsi:schemaLocation="http://www.openarchives.org/OAI/2.0/ http://www.openarchives.org/OAI/2.0/OAI-PMH.xsd"><responseDate>2026-04-17T13:54:10Z</responseDate><request verb="GetRecord" identifier="oai:riubu.ubu.es:10259/10817" metadataPrefix="marc">https://riubu.ubu.es/oai/request</request><GetRecord><record><header><identifier>oai:riubu.ubu.es:10259/10817</identifier><datestamp>2025-08-29T22:01:47Z</datestamp><setSpec>com_10259_2699</setSpec><setSpec>col_10259_2705</setSpec></header><metadata><record xmlns="http://www.loc.gov/MARC21/slim" xmlns:doc="http://www.lyncode.com/xoai" xmlns:xsi="http://www.w3.org/2001/XMLSchema-instance" xmlns:dcterms="http://purl.org/dc/terms/" xsi:schemaLocation="http://www.loc.gov/MARC21/slim http://www.loc.gov/standards/marcxml/schema/MARC21slim.xsd">
<leader>00925njm 22002777a 4500</leader>
<datafield tag="042" ind1=" " ind2=" ">
<subfield code="a">dc</subfield>
</datafield>
<datafield tag="720" ind1=" " ind2=" ">
<subfield code="a">Alarcón Campos, Sara</subfield>
<subfield code="e">author</subfield>
</datafield>
<datafield tag="260" ind1=" " ind2=" ">
<subfield code="c">2024</subfield>
</datafield>
<datafield tag="520" ind1=" " ind2=" ">
<subfield code="a">La Segunda República española presentó una serie de mejoras vinculadas a los derechos&#xd;
en materia de igualdad de género, siendo los principales el sufragio universal, en el que&#xd;
se establecía el derecho al voto para hombres y mujeres de la misma edad, y el del derecho&#xd;
al divorcio. A su vez, mientras se producían estos cambios políticos, que no estuvieron&#xd;
faltos de polémicas, el desarrollo de la industria cinematográfica, entre otros medios de&#xd;
comunicación, seguía su curso.&#xd;
La presente investigación se ha centrado en reconocer y explorar las diferentes&#xd;
representaciones de las mujeres en el cine español de la Segunda República a partir de un&#xd;
análisis pormenorizado de 85 películas de ficción y de no ficción producidas en España&#xd;
entre 1931 y 1939.&#xd;
El análisis fílmico individual ha servido principalmente para encontrar y clasificar las&#xd;
profesiones que ejercían, las actividades que hacían y las ocupaciones no remuneradas&#xd;
más representadas (madre y ama de casa), entre otros elementos remarcables, como la&#xd;
presencia del catolicismo o la representación de la mujer gitana en el cine español de la&#xd;
época. Asimismo, se ha calculado el tiempo de aparición en pantalla de las mujeres, tanto&#xd;
solas como junto a presencia masculina, así como su representación durante el día, la&#xd;
noche, en exterior y en interior con el objetivo fundamental de poder tener una idea más&#xd;
completa de su aparición en el cine de este periodo.&#xd;
La exposición de los resultados del análisis se ha hecho de manera global y, al mismo&#xd;
tiempo, se ha presentado por bloques: el de ficción y el de no ficción, en los cuales se han&#xd;
plasmado las diferencias y las similitudes entre sendos bloques. En consecuencia, el&#xd;
trabajo permitirá esclarecer valores asociados al tiempo en escena, a la profesión o&#xd;
ausencia de esta, y al rol asignado en las representaciones de las mujeres en el cine español&#xd;
en un periodo que quedó aislado entre dos dictaduras y marcado por la Guerra Civil que&#xd;
lo dio por concluido. Igualmente, se pretende que los resultados y las reflexiones del&#xd;
análisis realizado sirvan de apoyo para futuras investigaciones que estudien los diferentes&#xd;
roles de las mujeres en el cine o en otros medios de comunicación.</subfield>
</datafield>
<datafield tag="520" ind1=" " ind2=" ">
<subfield code="a">The Spanish Second Republic presented a series of improvements linked to gender&#xd;
equality, including universal suffrage and the right to divorce. As the aforementioned&#xd;
political changes were happening, which were not exempt from controversy, the film&#xd;
industry, among other media, continued to develop.&#xd;
The present research focuses on recognising and exploring the different types of female&#xd;
representation in Spanish cinema during the Second Republic (1931-1939) through a&#xd;
detailed analysis of 85 fiction and non-fiction films.&#xd;
Individual film analysis has been employed principally to find and classify the professions&#xd;
that women practised, the activities that they did, and the non-remunerated occupations&#xd;
represented (mother and housekeeper), among other notable elements, such as the&#xd;
presence of the Catholicism or the representation of ethnically gypsy women in the&#xd;
Spanish cinema of the time. Additionally, the amount of time women are on screen has&#xd;
been calculated, including screen time when only women are present and when men are&#xd;
also present, and their representation during the day, at night, in public and in private&#xd;
spaces so as to have a more thorough idea of their appearance in the cinema of the Second&#xd;
Republic.</subfield>
</datafield>
<datafield tag="024" ind2=" " ind1="8">
<subfield code="a">https://hdl.handle.net/10259/10817</subfield>
</datafield>
<datafield tag="024" ind2=" " ind1="8">
<subfield code="a">10.36443/10259/10817</subfield>
</datafield>
<datafield ind1=" " ind2=" " tag="653">
<subfield code="a">Representaciones de las mujeres</subfield>
</datafield>
<datafield ind1=" " ind2=" " tag="653">
<subfield code="a">Cine</subfield>
</datafield>
<datafield ind1=" " ind2=" " tag="653">
<subfield code="a">Segunda República Española</subfield>
</datafield>
<datafield ind1=" " ind2=" " tag="653">
<subfield code="a">Roles de género</subfield>
</datafield>
<datafield ind1=" " ind2=" " tag="653">
<subfield code="a">Tiempo en pantalla</subfield>
</datafield>
<datafield ind1=" " ind2=" " tag="653">
<subfield code="a">Female representation</subfield>
</datafield>
<datafield ind1=" " ind2=" " tag="653">
<subfield code="a">Cinema</subfield>
</datafield>
<datafield ind1=" " ind2=" " tag="653">
<subfield code="a">Spanish Second Republic</subfield>
</datafield>
<datafield ind1=" " ind2=" " tag="653">
<subfield code="a">Gender roles</subfield>
</datafield>
<datafield ind1=" " ind2=" " tag="653">
<subfield code="a">Screen time</subfield>
</datafield>
<datafield tag="245" ind1="0" ind2="0">
<subfield code="a">Las representaciones de las mujeres en el cine español de la Segunda República (1931-1939)</subfield>
</datafield>
</record></metadata></record></GetRecord></OAI-PMH>